How Many Counties Are in Each US State? - Statistics

General Stats
  • This quiz has been taken 21 times
  • The average score is 46 of 50
Answer Stats
US State Answer % Correct
Massachusetts 14
100%
Vermont 14
100%
Nevada 17
100%
New Jersey 21
100%
Utah 23
100%
Maryland 24
100%
Delaware 3
100%
Hawaii 5
100%
Rhode Island 5
100%
Connecticut 8
100%
New Hampshire 10
95%
Arizona 15
95%
Maine 16
95%
Alaska 29
95%
Wyoming 29
95%
New Mexico 33
95%
Oregon 36
95%
Washington 39
95%
North Dakota 53
95%
Arkansas 75
95%
Indiana 92
95%
North Carolina 100
90%
Missouri 115
90%
Idaho 44
90%
South Carolina 46
90%
West Virginia 55
90%
Montana 56
90%
Wisconsin 72
90%
Oklahoma 77
90%
Mississippi 82
90%
Michigan 83
90%
Minnesota 87
90%
Ohio 88
90%
Nebraska 93
90%
Tennessee 95
90%
Iowa 99
90%
Illinois 102
86%
Kansas 105
86%
Kentucky 120
86%
Virginia 133
86%
California 58
86%
New York 62
86%
Colorado 64
86%
Louisiana 64
86%
South Dakota 66
86%
Alabama 67
86%
Florida 67
86%
Pennsylvania 67
86%
Georgia 159
81%
Texas 254
71%
No matching quizzes found
Score Distribution
Percent of People with Each Score
Percentile by Number Answered
Your Score History
You have not taken this quiz